000 00541nam a22002177a 4500
003 UA-OsUOA
001 86911
007 ta
008 20120912b un ||||| |||| 00| 0 ukr d
090 _a94 (100)
_bА 83
942 _cBK
040 _aUA-OsUOA
_brus
_cUA-OsUOA
_dUA-OsUOA
245 _aАрмии стран Варшавского Договора: Справочник
300 _a223 с.
955 _a2
041 _arus
080 _a94 (100)
260 _aМ.
_bВоениздат
_c1985
650 7 _2UDC
999 _c373100
_d373100